01011nam a2200241 4500003000400000005001700004008004100021020001500062040001800077050001800095100002000113240010600133245019300239264002900432300002500461336002200486337002400508338002400532500010900556650002800665700004000693700003600733OSt20260530115255.0260507b1996 mx |||| |||| 00| 0 spa d a9688533319 aICIbspacICI 4aHD6331bR54181 aRifkin, Jeremy,10aThe end of work the decline of the global labor force and the dawn of the post-market era.lEspañol13aEl fin del trabajo : bnuevas tecnologias contra puestos de trabajo : el nacimiento de la nueva era /cJeremy Rifkin ; prólogo de Robert L. Heilbroner ; traducción de Guillermo Sanchez 1bPaidosc1996aMéxico : a399 páginasc23cm. atexto2rdacontent asin medio2rdamedia avolumen2rdacarrier aTraduccion de: The end of work the decline of the global labor force and the dawn of the post-market era 4aDesempleo tecnológico1 aHeilbroner, Robert L.,eprologuista1 aSanchez, Guillermo, etraductor